01235nam a22002897i 4500003000900000005001700009008004100026020001800067040004300085082002200128245015900150250002100309264006000330300005800390336002600448337002800474338002700502504005200529650005500581650005200636653001900688655001700707700003500724942001200759999001700771952015700788EG-ScBUE20240820101106.0200219r20242022ii a f b 001 0 eng d a9789354653926 aEG-ScBUEbengerdacEG-ScBUEdEG-ScBUE04222a616.8043bPHY00aPhysiotherapy in neurological conditions /pMegha Sandeep Sheth, MPT, lecturer, SBB College of Physiotherapy, Ahmedabad, Gujarat, India [and three others] aReprint edition. 1aNew Delhi :bJaypee Brothers Medical Publishers,c2024. axvi, 580 pages :billustrations (some color) ;c32 cm 2rdacontentatextbtxt 2rdamediaaunmediatedbn 2rdacarrieravolumebnc aIncludes bibliographical references and index.  7aNervous systemxDiseasesxPhysical therapy.2BUEsh 7aNervous System Diseasesxrehabilitation.2BUEsh cAugust2024bPT vReading book1 aSheth, Megha Sandeep,eeditor. 2ddccBB c30812d30783 00102ddc40708BaccahaMAINbMAINc1STd2024-08-20ePurchaseg2300.00h38408l0o616.8043 PHYp000057168r2025-07-15 00:00:00v2875.00w2024-08-20yBB